| 000 | 00538nam a22001817a 4500 | ||
|---|---|---|---|
| 999 |
_c172871 _d172871 |
||
| 005 | 20200214114433.0 | ||
| 010 | _aA-213266 | ||
| 020 | _c10.00 | ||
| 035 | _aA-213266 | ||
| 037 | _bBPPD/Pub. | ||
| 082 | _a954.41 | ||
| 100 | _aمحمد شرفوالدین ساحل | ||
| 245 |
_aتارخ ناگپور / _cمحمد شرفوالدین ساحل |
||
| 246 |
_aTarikh-E-Nagpur (urdu) / _bby Mohammed Sharfuddin Sahil |
||
| 260 |
_a- _bAliza _c1983 ء |
||
| 300 |
_a120p. _c22cm(Hb) |
||
| 942 |
_2ddc _cUR _h951.41 _mم ح م |
||